Státní rozpočet, veřejný dluh a mandatorní výdaje České republiky od roku 1993 do roku 2017
Prehľad o hospodárení štátneho rozpočtu nezávislej Českej republiky od roku 1993 do roku 2017, t. j. počas obdobia 25 rokov. Príjmy štátneho rozpočtu a výdavky, rozpočtové saldo, resp. prebytok alebo deficit sektora verejnej správy, vývoj pomeru týchto deficitov k HDP a vývoj pomeru dlhu sektora ver...
Salvato in:
| Autore principale: | |
|---|---|
| Natura: | Capitolo di libro |
| Lingua: | ceco |
| Soggetti: | |
| Tags: |
Nessun Tag, puoi essere il primo ad aggiungerne!!
|
MARC
| LEADER | 00000naa a2200000 4500 | ||
|---|---|---|---|
| 001 | 0259021 | ||
| 005 | 20220713131323.9 | ||
| 041 | 0 | |a cze | |
| 044 | |a CZ | ||
| 245 | 1 | 0 | |a Státní rozpočet, veřejný dluh a mandatorní výdaje České republiky od roku 1993 do roku 2017 |c Ivana Turková |
| 520 | |a Prehľad o hospodárení štátneho rozpočtu nezávislej Českej republiky od roku 1993 do roku 2017, t. j. počas obdobia 25 rokov. Príjmy štátneho rozpočtu a výdavky, rozpočtové saldo, resp. prebytok alebo deficit sektora verejnej správy, vývoj pomeru týchto deficitov k HDP a vývoj pomeru dlhu sektora verejnej správy k HDP. Negatívne trendy rozpočtového hospodárenia vo forme rozpočtových deficitov dokonca aj v rokoch HDP rast, vysoké bremeno povinných výdavkov na celkové výdavky a budúci nepriaznivý demografický vývoj a analýza vplyvu reforiem v oblasti verejných financií z rokov 2003 a 2008. | ||
| 610 | 2 | 0 | |a financie verejné |
| 610 | 2 | 0 | |a Česko |
| 610 | 2 | 0 | |a rozpočet štátny |
| 610 | 2 | 0 | |a výdavky rozpočtu štátneho |
| 610 | 2 | 0 | |a Európska únia |
| 100 | 1 | |a Turková, Ivana | |